MARC

LEADER 00000cam a2200000 7i4500
001 0000003174
005 20050309.0
020 0 0 |a 1840641487 
090 0 0 |a 363.7056091724   |b VAL 
245 0 0 |a Valuing the environment in developing countries :   |b case studies   |c edited by David Pearce, Corin Pearce, Charles Palmer. 
260 0 0 |a Cheltenham, UK   |a Northampton, MA :   |b Elgar ,   |c c2002. 
300 |a xii, 585 p. :   |b ill. ;   |c 24 cm. 
650 0 0 |a Economic development projects   |z Developing countries   |x Cost effectiveness 
650 0 0 |a Environmental impact analysis   |x Economic aspects   |z Developing countries 
650 0 0 |a Environmental policy   |z Developing countries   |x Cost effectiveness 
650 0 0 |a Environmental quality   |z Developing countries 
650 0 0 |a Natural resources   |x Valuation   |z Developing countries 
700 1 1 |a Palmer, Charles, ,   |d 1974- 
700 1 1 |a Pearce, Corin, ,   |d 1976- 
700 1 1 |a Pearce, David. 
999 |a 0000005906   |b Monograph   |c Open Shelf   |e Default branch